000 01098cab a2200241 4500
001 ABS37426
008 090401t1987 xxu||||| |||| 00| 0 eng d
035 _a(Sirsi) u4363
041 _aeng
100 _aBrand, C.
245 _aPlanning control in national parks: the new Special Development Order
260 _c1987
350 _a0
490 _aEstates Gazette
_v281 (6322) 21 February 1987, 762-763 (2)
520 _aExamines the provisions of the Town and Country Planning (Agricultural and Forestry Development in National Parks etc) Special Development Order 1986 which came into effect on 1 November 1986, replacing the Town and Country Planning (Landscape Areas Special Development) Order 1950, and its implications for planning control in national parks . Also looks at the recently published DOE circular 17/86 which describes the effect of the Order on farm and forestry development.
650 _aAGRICULTURAL DEVELOPMENT
650 _aFARM BUILDINGS
650 _aFARMING
650 _aLASDO
690 _aPLANNING LAW AND PRACTICE
942 _n0
948 _c04/03/1997
999 _c2619
_d2619